000 00786nam a2200241Ia 4500
003 OSt
005 20220923223059.0
006 a|||||r|||| 00| 0
007 ta
008 220922b |||||||| |||| 00| 0 hin d
024 _a210,858
037 _cTextual
040 _aARTS
_cARTS
_bhin
041 _2hin
_ahin
082 _aO152,3N334x, N2
100 _aचतुर्वेदी, जगदीश
245 0 _aप्रेम संबधो की कहानियां
246 _aPrem sanbadho kī kahāniyāan
260 _aनई दिल्ली
_b किताबघर प्रका0
_c1992
300 _a203पृ.
_ccm.
942 _hO152,3N334x, N2
_cTEXL
_2CC
999 _c361137
_d361137